000 00720nam a2200277Ia 4500
005 20260324111618.0
008 008 260324s9999 xx 000 0 eng d
020 _a9781003567653
037 _aEBOOK
040 _aCRL
040 _beng
040 _cCRL
041 _2eng
041 _aeng
084 _qCRL
100 _aAmit R. Bhende; Dinesh Seth; Minhaj Ahemad A. Rehman; Sushant S. Satputaley
_91139287
245 0 _aTechnological Innovations & Applications in Industry 4.0
260 _bTaylor and Francis
260 _c2025
365 _a
365 _b295
856 _uhttp://www.taylorfrancis.com/books/9781003567653
942 _cEBOOK
999 _c1728168
_d1728168